Harry Potter and the Philosopher's Stone Chapter 5 - Statistics

General Stats
  • This quiz has been taken 455 times
  • The average score is 7 of 10
Answer Stats
Question Answer % Correct
Which of the following are students not allowed to bring in? A dog
95%
Where Did Harry's parents leave their money? Gringots
95%
Who takes Harry and Hagrid down to the vault? Griphook
90%
Which of the following books are not required for students to bring in? Dark Lord's History
83%
Who did the Ministry of Magic want for Minister before Cornelius Fudge got the job? Albus Bumbledore
78%
What is the barman's name? Tom
78%
Who is said to guard the high-security vaults? Dragons
71%
How many sickles equal a galleon? 17
51%
How many Knuts does Harry give the owl? 5
44%
What house does Harry bet he'll be in? Hufflepuff
32%
No matching quizzes found
Score Distribution
Percent of People with Each Score
Percentile by Number Answered
Your Score History
You have not taken this quiz